000 00460nam a2200157 a 4500
001 000015679
005 20200929164119.0
008 100217s1958 dr 000 0 spa d
040 _aDO-SdBNP
_bspa
_cBNPHU
082 _axxx
_bF935r
245 0 3 _aLa frontera de la República Dominicana con Haití.
260 _aCiudad Trujillo :
_bEditora del Caribe,
_c1958.
300 _a182 p. ;
_c24 cm.
500 _aIncluye notas al pie de las páginas
049 _aBNPD
999 _c15231
_d15231